=LDR 00000nam 2200000 4500 =001 NUTBA000000000002465 =005 20140617120604.0 =006 =007 =008 =020 ##$$a 979-526-393-6 =035 ##$$0010-061400000000408 =040 ##$$a NBPDMAT =082 ##$$a 910.072 =090 ##$$a 910.072$bSum m =100 ##$$a Sumaatmadja, H. Nursid =245 ##$$a Metodologi pengajaran geografi$cH. Nursid Sumaatmadja =250 ##$$a Cet.2 =260 ##$$a jakarta$bBumi Aksara$c2001 =300 ##$$a xii,141 hlm.$c21 cm. =650 ##$$a Geografi$xMetodologi =850 ##$$a NBPNMAT =990 ##$$a 20610326 =990 ##$$a 21400613/BPAP-NTB/20142014 =990 ##$$a 21400613/BPAP-NTB/20142014 =990 ##$$a 0001/BPAP-NTB/20142014 =990 ##$$a 0001/BPAP-NTB/2015 =990 ##$$a 0001/BPAP-NTB/2015 =990 ##$$a 0001/BPAP-NTB/2015